Va Va Voom - Nicki Minaj - All Lyrics - Statistics

General Stats
  • This quiz has been taken 160 times
  • The average score is 395 of 510
Answer Stats
Answer % Correct
a
98%
I
97%
I-I-I
97%
me
96%
va
96%
voom
96%
when
96%
He
94%
he
94%
the
93%
The
93%
boy,
92%
boy
92%
Boy,
92%
Just
92%
just
92%
in
91%
you
91%
You
91%
at
89%
got
89%
If
89%
if
89%
If-if
89%
it,
89%
it
89%
look
89%
met
89%
on
89%
that
89%
want
89%
I'mma
88%
my
88%
do
86%
for
86%
I'm
86%
I'mma
86%
and
85%
And
85%
one
84%
be
83%
give
82%
last
82%
wanna
81%
chance
80%
Bo-bo-boom
78%
come
78%
Come,
78%
Come
78%
attraction
77%
boom
77%
can
77%
option
77%
'Cause
76%
‘Cause
76%
gonna
76%
looking
76%
dance
75%
let
75%
Let
75%
like
75%
main
75%
this
74%
play
71%
hold
70%
So,
68%
so
68%
tight,
68%
night
67%
But
66%
know
66%
home
64%
making
64%
need
64%
superstar
63%
run
62%
who
62%
your
62%
alone
61%
wife
61%
away-ay,
60%
away-ay-ay
60%
get
60%
problem
59%
we
58%
We-we
58%
Hear
57%
takin’
57%
inside
56%
little
56%
think
56%
don't
55%
Dublin
54%
pow,
54%
too
54%
become
52%
going
52%
keep
52%
low
52%
movie,
52%
of
52%
thing
51%
hot
50%
man,
50%
shoot
50%
playpen
48%
hang
47%
shit,
47%
grapevine
46%
out
46%
playin'
46%
ride
46%
through
46%
clothes
45%
game,
45%
mind
45%
ain't
44%
datin'
44%
even
44%
find
43%
goblin
43%
modelin'
43%
up
43%
club
42%
g-g-games
42%
he's
42%
lingo
42%
them
42%
from
41%
shakin'
41%
tryna
41%
tell
40%
bang
39%
green,
39%
tapin'
38%
understand
37%
cakin'
35%
feel
34%
baby,
33%
slow-mo,
33%
chest
32%
down,
32%
down
32%
gettin'
32%
jump,
32%
Rambo
31%
feelin'
30%
one-hundred
30%
show
29%
grand
28%
playground
28%
Flex
26%
same
26%
blessed
25%
how
25%
Yes,
25%
bingo
24%
Wonderin'
22%
very
21%
old
18%
stay
18%
things
18%
well
18%
blow
14%
lay
13%
No matching quizzes found
Score Distribution
Percent of People with Each Score
Percentile by Number Answered
Your Score History
You have not taken this quiz